| 000 | 01118nam a22002537a 4500 | ||
|---|---|---|---|
| 003 | OSt | ||
| 005 | 20250916165106.0 | ||
| 008 | 240322b ||||| |||| 00| 0 eng d | ||
| 040 | _c0 | ||
| 082 | _aDPer 621.381 In821 September 2022 v. 37 n. 9 | ||
| 100 |
_aZhang, Peng. _eauthor. _955215 |
||
| 245 |
_aA carrier-based discontinuous PWM method for five-level flying capacitor rectifier with unbalanced DC-link voltages / _cPeng Zhang, Xuezhi Wu, Shan He, Wenzheng Xu, Jingdou Liu, Jingjing Qi, and Anna Yang. |
||
| 260 |
_aNew York ; _bThe Institute of Electrical and Electronics Engineers, Inc. , _cSeptember 2022. |
||
| 300 |
_aVolume 37, pages 10384-10398 : _billustration ; _c28 cm. |
||
| 500 | _aIEEE Transitions on Power Electronics, v. 37 n. 9, pages 10384-10398, September 2022. | ||
| 700 |
_aZhang, Peng. _eauthor. _955215 |
||
| 700 |
_aWu, Xuezhi. _eauthor. _955216 |
||
| 700 |
_aHe, Shan. _eauthor. _955217 |
||
| 700 |
_aXu, Wenzheng. _eauthor. _955218 |
||
| 700 |
_aLiu, Jingdou. _eauthor. _955219 |
||
| 700 |
_aQi, Jingjing. _eauthor. _955220 |
||
| 700 |
_aYang, Anna. _eauthor. _955221 |
||
| 942 |
_2ddc _cPER |
||
| 999 |
_c19808 _d19808 |
||